Estadísticas para ¿Qué ciudad en México?

Haz click aquí para intentar la prueba.

Estadísticas generales

  • Esta prueba ha sido intentada 524 veces
    (325 desde el último reinicio)
  • La puntuación promedio es 12 de 20

Estadísticas de respuestas

PistaCiudad% Correcto
Antiguamente nombrada Tenochtitlan.Ciudad de México
96%
Es la segunda área metropolitana más poblada de México.Guadalajara
91%
En su paisaje urbano se aprecia el Cerro de la Silla.Monterrey
88%
Importante ciudad fronteriza en Baja California.Tijuana
88%
Donde se llevó a cabo la Batalla del 5 de mayo.Puebla
83%
Famosa internacionalmente por sus clavadistas de acantilado.Acapulco
75%
Dio el apodo al cantante Juan Gabriel.Ciudad Juárez
71%
Si se quiere conocer Chichen Itzá debe viajarse a...Mérida
70%
La primera ciudad del país, fundada tras la llegada de los españoles a dicho lugar.Veracruz
68%
Paraíso de las compras de productos hechos de piel.León
61%
Ciudad homónima de un estado que popularmente se dice no existe.Tlaxcala
60%
Ciudad homónima de un estado en el centro del país. Conocido por su ruta del vino y el queso.Querétaro
55%
Llamada la ciudad de la eterna primavera.Cuernavaca
44%
También llamada la bella airosa.Pachuca
44%
Ciudad portuaria, lugar de nacimiento de Pedro Infante.Mazatlán
43%
Conocida por su reconocida joyería y trabajos en plata.Taxco
40%
Es la más poblada que comienza con F.Fresnillo
28%
Reconocida a nivel nacional por la cecina de res.Yecapixtla
24%
Famosa a nivel nacional por su tradición de adornarse de luces en la época navideña bajo el concepto “Villa Iluminada”.Atlixco
21%
Cuna de la bandera.Iguala
20%

Distribución de puntuación

Porcentaje por número respondido

Porcentaje de gente con cada puntuación

Historial de tus puntuaciones

No has intentado esta prueba desde el último reinicio